000 00666nam a2200241Ia 4500
003 OSt
005 20220918222505.0
006 a|||||r|||| 00| 0
007 ta
008 220917b |||||||| |||| 00| 0 eng d
024 _a217,094
037 _cTextual
040 _aARTS
_cARTS
_beng
041 _2eng
_aeng
082 _aO157,2:g(NT), 111N9
100 _aMukherjee Arun
_9143326
245 0 _aMareech, the legend and Jagannath
260 _aCalcutta
_bSeagull Books
_c1999
300 _axxii, 124p
_ccm.
650 _aENGLISH LITERATURE
942 _hO157,2:g(NT), 111N9
_cTEXL
_2CC
999 _c275711
_d275711